The effect of bio, organic and mineral fertilization on productivity of sunflower seed and oil yields (Record no. 54550)
[ view plain ]
| 000 -LEADER | |
|---|---|
| fixed length control field | 03158cab a2200325Ia 45 0 |
| 001 - CONTROL NUMBER | |
| control field | u202700 |
| 003 - CONTROL NUMBER IDENTIFIER | |
| control field | SIRSI |
| 008 - FIXED-LENGTH DATA ELEMENTS--GENERAL INFORMATION | |
| fixed length control field | 121004s2009 ua ss b eng d |
| 040 ## - CATALOGING SOURCE | |
| Original cataloging agency | EAL |
| 041 ## - LANGUAGE CODE | |
| Language code of text/sound track or separate title | eng |
| Language code of summary or abstract | ara |
| 090 ## - LOCALLY ASSIGNED LC-TYPE CALL NUMBER (OCLC); LOCAL CALL NUMBER (RLIN) | |
| Classification number (OCLC) (R) ; Classification number, CALL (RLIN) (NR) | ART JARKU V35 No4 7 |
| 100 1# - MAIN ENTRY--PERSONAL NAME | |
| Personal name | Aowad, Mohamed Morsy |
| 240 10 - UNIFORM TITLE | |
| Uniform title | Journal of agricultural research Kafrelsheikh Univeristy, 2009 v. 35 (4) |
| Medium | [electronic resource]. |
| 245 14 - TITLE STATEMENT | |
| Title | The effect of bio, organic and mineral fertilization on productivity of sunflower seed and oil yields |
| Medium | [electronic resource]. |
| 246 15 - VARYING FORM OF TITLE | |
| Title proper/short title | دراسة تأثير التسميد العضوى والحيوى والمعدنى على إنتاجية بذرة وزيت دوار الشمس. |
| 300 ## - PHYSICAL DESCRIPTION | |
| Extent | P. 1013-1028. |
| 504 ## - BIBLIOGRAPHY, ETC. NOTE | |
| Bibliography, etc. note | Includes references. |
| 520 ## - SUMMARY, ETC. | |
| Summary, etc. | Two field experiments were conducted out at the experimental farm of Sakha agricultural research station, Kafr El-Sheikh, the experiments were conducted to study the effect of bio, organic and mineral fertilizers on seed and oil yields of sunflower through inoculation with biological nitrogen fixation (BNF) as a bacteria in form of (rhizobacterine or microbine inoculation), farm yard manure.(FYM) as organic source at rate of 20 and 30 m3 /fed.and mineral nitrogen fertilizer. A randomized complete block design with four replication was used. The obtained results could be summarized as follows: The bio, organic, mineral fertilizers and their combinations significantly affected growth analysis and som growth attributes such (dry matter accumulation Iplant and leaf area index), some agronomic characters such (stem diameter, head diameter and plant height) as well as yeild and its components such (100 seed weight, seed yeild /fed., oil percentage and oil yeild) in 2007 and 2008 seasons. Application of organic manure at the rate of 30 m3 /fed. FYM with 30 kgN/fed. as mineral fertilizers recorded the hieghest values of dry matter accumulation /plant, leaf area index, stem diameter, head diameter, plant height, 100 seed weight, seed oil content as well as seed and oil yeilds Ifed. Sunflower plants, which received 20 or 30 m3 FYM with biofertilizers as mixture of Microbin and Rizobacterine were among those having great dry matter accumulation Iplant, leaf area index, stem diameter, head diameter, plant height, 100 seed weight, seed oil content as well as seed and oil yeilds /fed. compared with those received 30 Kg N/fed. In both seasons. - Application of FYM alone at the rate of 20 or 30 m3 was less effect on growth analysis and growth. attributes, agronomic characters as well as yeild and its components than applying mineral nitrogen alone or combined with them. |
| 546 ## - LANGUAGE NOTE | |
| Language note | Summary in Arabic. |
| 596 ## - | |
| -- | 1 |
| 650 #0 - SUBJECT ADDED ENTRY--TOPICAL TERM | |
| Topical term or geographic name entry element | Sunflower seed oil. |
| 650 #0 - SUBJECT ADDED ENTRY--TOPICAL TERM | |
| Topical term or geographic name entry element | Sunflowers |
| General subdivision | Fertilizers. |
| 650 #0 - SUBJECT ADDED ENTRY--TOPICAL TERM | |
| Topical term or geographic name entry element | Organic fertilizers. |
| 650 #0 - SUBJECT ADDED ENTRY--TOPICAL TERM | |
| Topical term or geographic name entry element | Sunflowers |
| General subdivision | Yields. |
| 650 #0 - SUBJECT ADDED ENTRY--TOPICAL TERM | |
| Topical term or geographic name entry element | Biofertilizers. |
| 650 #3 - SUBJECT ADDED ENTRY--TOPICAL TERM | |
| Topical term or geographic name entry element | Mineral fertilizers. |
| 700 1# - ADDED ENTRY--PERSONAL NAME | |
| Personal name | Mohamed, Ayman A. A. |
| 773 0# - HOST ITEM ENTRY | |
| Title | Journal of Agricultural Research Kafrelsheikh Univeristy. |
| Related parts | 2009.v.35(4) |
| International Standard Serial Number | 1110-032X |
| Control subfield | nnas |
| Record control number | u191359 |
| 856 40 - ELECTRONIC LOCATION AND ACCESS | |
| Uniform Resource Identifier | <a href="http://nile.enal.sci.eg/EALE/2009/JARKU/3509/4/1013.pdf">http://nile.enal.sci.eg/EALE/2009/JARKU/3509/4/1013.pdf</a> |
| Public note | Full Text Article |
| 942 ## - ADDED ENTRY ELEMENTS (KOHA) | |
| Koha item type | Articles |
| Source of classification or shelving scheme | Library of Congress Classification |
No items available.